000
00288nam a22001337a 4500
008
170817b xxu||||| |||| 00| 0 eng d
020
_a
9780764524981
041
_a
eng
080
_a
51
100
_a
36
101
_a
MAT
245
_a
CALCULUS FOR DUMMIES
_c
RYAN,M
942
_2
udc
_c
BK
999
_c
23853
_d
23853